| 000 | 02562cai a22003375 4500 | ||
|---|---|---|---|
| 001 | L134968 | ||
| 002 | 10057 | ||
| 008 | 060913s2006 xxk f 001 0 eng u | ||
| 020 |
_a0421957808 _a9780421957800 |
||
| 035 | _a(Sirsi) u134968 | ||
| 050 | 0 | 4 | _a692.8 $2 18 |
| 100 | _aWilliamson, Adrian | ||
| 245 | _aKeating on JCT contracts | ||
| 260 |
_aLondon _bSweet and Maxwell _c2006 |
||
| 300 |
_a3 _fv. (looseleaf) _c31cm. |
||
| 350 | _a350 | ||
| 505 | 2 | _aVolume one: commentary: Standard Building Contract family -- Intermediate Building Contract Family -- Minor Works Building Contract Family -- Design and Build Contract Family -- Major Project Construction Contract Family -- Construction Management Contract Family -- Management Building Contract Family -- Prime Cost Building Contract Family -- Housing Grants Works Building Contract Family -- Adjudication Agreement Family -- Framework Agreement Family -- Generic Contracts -- Collateral Warranties -- Appendix A: Housing Grants, Construction and Regeneration Act 1996 | |
| 505 | 2 | _aVolume two: JCT 05 contracts: Standard Building Contract Family -- Intermediate Building Contract Family | |
| 505 | 2 | _aVolume three: JCT 05 contracts: Minor Works Building Contract Family -- Design and Build Contract Family -- Major Project Construction Contract Family -- Construction Management Contract Family -- Management Building Contract Family -- Prime Cost Building Contract Family -- Housing Grant Works Building Contract Family -- Adjudication Agreement Family -- Framework Agreement Family -- Generic Contracts -- Collateral Warranties | |
| 520 | _aThis looseleaf publication brings together all the major forms from the 2005 edition of the JCT suite of contracts. Commentary is provided on a clause-by-clause basis, and explains the scope of each form, how it differs from preceding versions, and includes extensive reference to case law. Written as a companion volume to "Keating on construction contracts" (ISBN 042189905). | ||
| 520 | _aThis looseleaf is up-to-date as at August 2009. We have cancelled our subscription and will remove this title from our collection when it becomes out-of-date. Please ask a member of staff for more details. | ||
| 521 | 2 | _aExpert | |
| 651 | 4 |
_aUnited Kingdom _y |
|
| 690 | _aBUILT ENVIRONMENT-BUILDING CONTRACT FORMS-STANDARD FORMS OF BUILDING CONTRACT-JOINT CONTRACTS TRIBUNAL CONTRACTS | ||
| 700 | 1 | _aChambers, Gaynor | |
| 700 | 1 | _aConstable, Adam | |
| 700 | 1 | _aGarrett, Lucy | |
| 700 | 1 | _aHolt, Matthew | |
| 700 | 1 | _aMoran, Vincent | |
| 942 | _n0 | ||
| 999 |
_c105869 _d105869 |
||